5HLuxD.jpg

KING HENRY VIII SENIOR AND PRIMARY SCHOOL LIBRARY OPAC

The dead / (Record no. 1899)

000 -LEADER
fixed length control field 00997nam a22003611a 4500
001 - CONTROL NUMBER
control field 017562713
003 - CONTROL NUMBER IDENTIFIER
control field UkOxU
005 - DATE AND TIME OF LATEST TRANSACTION
control field 20230215091247.0
008 - FIXED-LENGTH DATA ELEMENTS--GENERAL INFORMATION
fixed length control field 101207r20112010enk j 000 f eng|d
015 ## - NATIONAL BIBLIOGRAPHY NUMBER
National bibliography number GBB0E7885
Source bnb
016 7# - NATIONAL BIBLIOGRAPHIC AGENCY CONTROL NUMBER
Record control number 015715497
Source Uk
020 ## - INTERNATIONAL STANDARD BOOK NUMBER
International Standard Book Number 9780141325033 (pbk.) :
020 ## - INTERNATIONAL STANDARD BOOK NUMBER
International Standard Book Number 0141325038 (pbk.) :
035 ## - SYSTEM CONTROL NUMBER
System control number (Uk)015715497
040 ## - CATALOGING SOURCE
Original cataloging agency StDuBDS
Language of cataloging eng
Transcribing agency StDuBDS
Modifying agency Uk
-- KH8
042 ## - AUTHENTICATION CODE
Authentication code ukblsr
082 04 - DEWEY DECIMAL CLASSIFICATION NUMBER
Classification number FIC HIG
Edition number 22
100 1# - MAIN ENTRY--PERSONAL NAME
Personal name Higson, Charlie,
Dates associated with a name 1958-
Relator term author
245 14 - TITLE STATEMENT
Title The dead /
Statement of responsibility, etc. Charlie Higson.
260 ## - PUBLICATION, DISTRIBUTION, ETC.
Place of publication, distribution, etc. London :
Name of publisher, distributor, etc. Puffin,
Date of publication, distribution, etc. 2011.
300 ## - PHYSICAL DESCRIPTION
Extent 449 p. ;
Dimensions 20 cm.
336 ## - CONTENT TYPE
Content type term text
Source rdacontent
337 ## - MEDIA TYPE
Media type term unmediated
Source rdamedia
338 ## - CARRIER TYPE
Carrier type term volume
Source rdacarrier
440 ## - SERIES STATEMENT/ADDED ENTRY--TITLE
Title The Enemy;
Number of part/section of a work 2
500 ## - GENERAL NOTE
General note Originally published: 2010.
500 ## - GENERAL NOTE
General note Formerly CIP.
Institution to which field applies Uk
650 #0 - SUBJECT ADDED ENTRY--TOPICAL TERM
Topical term or geographic name entry element Zombies
Form subdivision Fiction.
650 #0 - SUBJECT ADDED ENTRY--TOPICAL TERM
Topical term or geographic name entry element Epidemics
Geographic subdivision England
-- London
Form subdivision Fiction.
655 #0 - INDEX TERM--GENRE/FORM
Genre/form data or focus term Horror tales.
655 #0 - INDEX TERM--GENRE/FORM
Genre/form data or focus term Young adult fiction.
942 ## - ADDED ENTRY ELEMENTS (KOHA)
Source of classification or shelving scheme
Koha item type Books - Fiction
Holdings
Withdrawn status Lost status Source of classification or shelving scheme Damaged status Not for loan Collection code Permanent Location Current Location Shelving location Date acquired Full call number Barcode Date last seen Price effective from Koha item type
          Fiction KH8 Senior School Library KH8 Senior School Library Fiction 2023-02-15 FIC HIG 3KHSL000101969 2024-07-16 2023-02-15 Books - Fiction

Powered By KH8 IT Dept